000 01246nam a2200385 i 4500
001 7837
003 KOSZ 005
005 20201119143741.0
008 070620s1969 pl a f f 000 0 pol
015 _aPB 1969/4089
040 _aWA N
_cWA N
_dKOSZ 005/RW
_dKOSZ 005/HR
046 _k1969
080 _a628.8
080 _a697
080 _a(07)
100 1 _aKamler, Witold
_d(1906-1983)
_eAutor
245 1 0 _aCiepłownictwo.
_nCz. 2,
_pSieci cieplne /
_cWitold Kamler.
260 _aWarszawa :
_bPaństwowe Wydawnictwo Naukowe,
_c1969.
300 _a401 s., [13] k. tabl. :
_bil. ;
_c24 cm.
336 _2rdacontent
_aTekst
_btxt
337 _2rdamedia
_aBez urządzenia pośredniczącego
_bn
338 _2rdacarrier
_aWolumin
_bnc
380 _aKsiążki
380 _aPublikacje fachowe
388 _a1901-2000
504 _aBibliogr. s. [396]-398.
650 4 _aSieć cieplna
650 4 _aUrządzenia
655 4 _aPodręcznik
658 _aInżynieria i technika
658 _aArchitektura i budownictwo
710 2 _aPaństwowe Wydawnictwo Naukowe
_4pbl.
856 _uhttp://koha.tu.koszalin.pl/cgi-bin/koha/opac-detail.pl?biblionumber=7837
_yKatalog online BPK
942 _2UKD
_cKS
999 _c7837
_d7837